Practical mathematics ... (Record no. 543757)
[ view plain ]
| 000 -LEADER | |
|---|---|
| fixed length control field | 00580cam a2200181u 4500 |
| 082 ## - DEWEY DECIMAL CLASSIFICATION NUMBER | |
| Classification number | 510.2462 |
| Author Mark | TOF |
| -- | L-25, 34 p. |
| 100 1# - MAIN ENTRY--PERSONAL NAME | |
| Personal name | Antoville, Henrietta D. [from old catalog] |
| 9 (RLIN) | 39237 |
| 245 10 - TITLE STATEMENT | |
| Title | Practical mathematics ... |
| 250 ## - EDITION STATEMENT | |
| Edition statement | 2nd |
| 260 ## - PUBLICATION, DISTRIBUTION, ETC. | |
| Place of publication, distribution, etc. | New York city, |
| Name of publisher, distributor, etc. | Noble & Noble, inc. |
| Date of publication, distribution, etc. | [1942] |
| 300 ## - PHYSICAL DESCRIPTION | |
| Extent | 4 v. |
| Other physical details | illus., plates, diagrs., forms. |
| Dimensions | 20 cm. |
| 526 ## - STUDY PROGRAM INFORMATION NOTE | |
| Program name | 0 |
| Interest level | 0 |
| Reading level | 0 |
| Title point value | 510_246200000000000_TOF |
| 650 #0 - SUBJECT ADDED ENTRY--TOPICAL TERM | |
| Topical term or geographic name entry element | Mathematics. |
| 650 #0 - SUBJECT ADDED ENTRY--TOPICAL TERM | |
| Topical term or geographic name entry element | MCE |
| 9 (RLIN) | 379 |
| 700 1# - ADDED ENTRY--PERSONAL NAME | |
| Personal name | Jansen, William, |
| 9 (RLIN) | 39238 |
| 700 1# - ADDED ENTRY--PERSONAL NAME | |
| Personal name | Trube, Catherine M., [from old catalog] |
| 9 (RLIN) | 39239 |
| 942 ## - ADDED ENTRY ELEMENTS (KOHA) | |
| Source of classification or shelving scheme | |
| Koha item type | Book |
| Withdrawn status | Lost status | Source of classification or shelving scheme | Damaged status | Not for loan | Permanent Location | Current Location | Date acquired | Total Checkouts | Full call number | Barcode | Date last seen | Price effective from | Koha item type |
|---|---|---|---|---|---|---|---|---|---|---|---|---|---|
| Military College of Engineering (MCE) | Military College of Engineering (MCE) | 04/02/2014 | 510.2462 TOF | MCE-21712 | 04/02/2014 | 04/02/2014 | Book |
